The GREAT BOOK OF FOREST LEGENDS / (Record no. 193470)

MARC details
000 -LEADER
fixed length control field 01362nam a2200349 i 4500
003 - CONTROL NUMBER IDENTIFIER
control field OSt
005 - DATE AND TIME OF LATEST TRANSACTION
control field 20231101155826.0
008 - FIXED-LENGTH DATA ELEMENTS--GENERAL INFORMATION
fixed length control field 231029t20222022it a jr 000 0 eng d
020 ## - INTERNATIONAL STANDARD BOOK NUMBER
International Standard Book Number 9788854419193
Terms of availability RM 88.50
Qualifying information hardback
040 ## - CATALOGING SOURCE
Original cataloging agency PPAK
Language of cataloging eng
Transcribing agency PPAK
Description conventions rda
082 04 - DEWEY DECIMAL CLASSIFICATION NUMBER
Classification number 398.2
Edition number 23
090 00 - LOCALLY ASSIGNED LC-TYPE CALL NUMBER (OCLC); LOCAL CALL NUMBER (RLIN)
Classification number (OCLC) (R) ; Classification number, CALL (RLIN) (NR) 398.2
Feature heading ORS
Feature heading K
100 1# - MAIN ENTRY--PERSONAL NAME
Personal name Orsi, Tea,
Relator term author.
245 14 - TITLE STATEMENT
Title The GREAT BOOK OF FOREST LEGENDS /
Statement of responsibility, etc. TEXT BY TEA ORSI ; ILLUSTRATIONS BY ANNA LANG ; Translation : Inga Sempel ; Editing : Abby Young.
246 33 - VARYING FORM OF TITLE
Title proper/short title Great Book of Forest Legend
264 #1 - PRODUCTION, PUBLICATION, DISTRIBUTION, MANUFACTURE, AND COPYRIGHT NOTICE
Place of production, publication, distribution, manufacture Milan, Italy :
Name of producer, publisher, distributor, manufacturer White Star Kids,
Date of production, publication, distribution, manufacture, or copyright notice 2022
Date of production, publication, distribution, manufacture, or copyright notice ©2022
300 ## - PHYSICAL DESCRIPTION
Extent 61 pages :
Other physical details colour illustrations ;
Dimensions 30 cm
336 ## - CONTENT TYPE
Content type term text
Source rdacontent
Content type term still image
Source rdacontent
337 ## - MEDIA TYPE
Media type term unmediated
Source rdamedia
338 ## - CARRIER TYPE
Carrier type term volume
Source rdacarrier
520 ## - SUMMARY, ETC.
Summary, etc. A selection of charming and magical creatures of the forest: after a short presentation of each different creature, there are entertaining folklore stories and legends gathered from all around the world.
521 ## - TARGET AUDIENCE NOTE
Target audience note Ages: 7 plus
650 10 - SUBJECT ADDED ENTRY--TOPICAL TERM
Topical term or geographic name entry element Mythology
Form subdivision Juvenile literature.
Topical term or geographic name entry element Myths
Form subdivision Juvenile literature.
655 #7 - INDEX TERM--GENRE/FORM
Genre/form data or focus term Picture books.
Source of term lcgft
700 1# - ADDED ENTRY--PERSONAL NAME
Personal name Lang, Anna,
Relator term illustrator
Personal name Sempel, Inga,
Relator term translator.
Personal name Young, Abby,
Relator term editor.
942 ## - ADDED ENTRY ELEMENTS (KOHA)
Source of classification or shelving scheme Dewey Decimal Classification
Koha item type Book
Holdings
Withdrawn Not for loan Current library Shelving location Date acquired Total Checkouts Full call number Barcode Date last seen Date last checked out Koha item type Total Renewals Checked out
    Perpustakaan Alor Setar Pinjaman Kanak-kanak 27/11/2023 1 K 398.2 ORS A01799442 07/02/2024 17/01/2024 Book    
    Perpustakaan Awam Sungai Petani Pinjaman Kanak-kanak 27/11/2023 11 K 398.2 ORS A01799443 27/06/2026 27/06/2026 Book 2 18/07/2026
    Perpustakaan Kulim Pinjaman Kanak-kanak 27/11/2023 2 K 398.2 ORS A01799444 15/03/2025 15/03/2025 Book   05/04/2025